00656nam a22002414a 4500001000800000007000300008008004100011040001200052041000800064043000700072082001700079100004500096245012300141250001000264260002900274300001800303650001300321650002800334650001200362650001500374650001100389653001400400ESSALUDta t2022 pe gr 00| 0 spa d aESSALUD aspa cpe a980.089bP25 aParodi Buendía, Lorenzo Antonioeautor a¿Leyenda blanca o leyenda negra? Crónica sin filias ni fobias sobre lo que aconteció hace 500 años en América a1 ed. aLima : bGrafest, c2022 a136 páginas aHISTORIA aFACTORES SOCIOLÓGICOS aRACISMO aAMÉRICAS aPERÚ aMESTIZAJE